Wireless application development / (Record no. 569)

MARC details
000 -LEADER
fixed length control field 00609nam a22002177a 4500
005 - DATE AND TIME OF LATEST TRANSACTION
control field 20250420134816.0
008 - FIXED-LENGTH DATA ELEMENTS--GENERAL INFORMATION
fixed length control field 200809b ||||| |||| 00| 0 eng d
020 ## - INTERNATIONAL STANDARD BOOK NUMBER
International Standard Book Number 9780619159313
020 ## - INTERNATIONAL STANDARD BOOK NUMBER
International Standard Book Number 0619159316
040 ## - CATALOGING SOURCE
Transcribing agency KCST
082 ## - DEWEY DECIMAL CLASSIFICATION NUMBER
Classification number 004.62
Item number Sk Wi
100 ## - MAIN ENTRY--PERSONAL NAME
Personal name Skelton, Gordon W.
9 (RLIN) 4949
245 ## - TITLE STATEMENT
Title Wireless application development /
Statement of responsibility, etc. Gordon W Skelton
260 ## - PUBLICATION, DISTRIBUTION, ETC.
Place of publication, distribution, etc. Cambridge, Mass.[u.a.]:
Name of publisher, distributor, etc. Course Technology,
Date of publication, distribution, etc. 2003.
300 ## - PHYSICAL DESCRIPTION
Extent p.
650 ## - SUBJECT ADDED ENTRY--TOPICAL TERM
Topical term or geographic name entry element Application software
Form subdivision Development
9 (RLIN) 4950
650 ## - SUBJECT ADDED ENTRY--TOPICAL TERM
Topical term or geographic name entry element Internet programming
9 (RLIN) 4951
650 ## - SUBJECT ADDED ENTRY--TOPICAL TERM
Topical term or geographic name entry element Web servers
9 (RLIN) 571
942 ## - ADDED ENTRY ELEMENTS (KOHA)
Koha item type Book
942 ## - ADDED ENTRY ELEMENTS (KOHA)
Source of classification or shelving scheme Dewey Decimal Classification
Holdings
Withdrawn status Lost status Source of classification or shelving scheme Damaged status Not for loan Home library Current library Date acquired Source of acquisition Cost, normal purchase price Total checkouts Full call number Barcode Date last seen Price effective from Koha item type
    Dewey Decimal Classification     KCST Library KCST Library 09/08/2020 Unknown 0.00   004.62 Sk Wi 1000000422 09/08/2020 09/08/2020 Book
© 2025 KCST. All rights reserved